| 000 | 00584 a2200193 4500 | ||
|---|---|---|---|
| 005 | 20240528151408.0 | ||
| 010 | _aB-759221` | ||
| 020 |
_a9789350692578 _c40.00 |
||
| 035 | _aB-759221 | ||
| 037 | _bGift | ||
| 082 | _aS | ||
| 100 |
_aBalasubramanya, Aravind _967008 |
||
| 245 |
_aStories and Inspirations/ _bAravind Balasubramanya |
||
| 260 |
_aPrasanthi Nilayam _bSri Sathya Sai Sadhana Trust Publication Division _c2017 |
||
| 270 |
_aPrasanthi Nilayam _bBanglore _e515134 |
||
| 300 |
_a102 p. _c21 cm(Pb) |
||
| 942 |
_adpl _cCH _2ddc _hS _mBAL |
||
| 999 |
_c203335 _d203335 |
||